00506nam a2200205 a 4500001001300000003000900013005001700022008004100039020001300080082001900093100002200112245001800134260003100152300000900183500003500192505001000227650003100237650001000268700002200278nice12345678IN_TiNIC20260116013042.0050524s1997 lona grp 000 0 eng  ac295.2600a923.0591bSUU1 aSuu Kyi, Aung San aVoice of Hope aLondonbPenguin Bookc1997 a240p aincludes index and biblioraphy2 aIndex aBiography-Aung San Suu Kyi aBurma1 aSuu Kyi, Aung San